<?xml version="1.0" encoding="UTF-8"?><?xml-stylesheet type="text/xsl" href="static/style.xsl"?><OAI-PMH xmlns="http://www.openarchives.org/OAI/2.0/" xmlns:xsi="http://www.w3.org/2001/XMLSchema-instance" xsi:schemaLocation="http://www.openarchives.org/OAI/2.0/ http://www.openarchives.org/OAI/2.0/OAI-PMH.xsd"><responseDate>2026-04-28T19:44:20Z</responseDate><request verb="GetRecord" identifier="oai:uvadoc.uva.es:10324/28662" metadataPrefix="marc">https://uvadoc.uva.es/oai/request</request><GetRecord><record><header><identifier>oai:uvadoc.uva.es:10324/28662</identifier><datestamp>2025-02-21T11:02:56Z</datestamp><setSpec>com_10324_30605</setSpec><setSpec>com_10324_894</setSpec><setSpec>col_10324_41</setSpec></header><metadata><record xmlns="http://www.loc.gov/MARC21/slim" xmlns:doc="http://www.lyncode.com/xoai" xmlns:xsi="http://www.w3.org/2001/XMLSchema-instance" xmlns:dcterms="http://purl.org/dc/terms/" xsi:schemaLocation="http://www.loc.gov/MARC21/slim http://www.loc.gov/standards/marcxml/schema/MARC21slim.xsd">
<leader>00925njm 22002777a 4500</leader>
<datafield tag="042" ind1=" " ind2=" ">
<subfield code="a">dc</subfield>
</datafield>
<datafield tag="720" ind1=" " ind2=" ">
<subfield code="a">Frutos González, Osvaldo David</subfield>
<subfield code="e">author</subfield>
</datafield>
<datafield tag="260" ind1=" " ind2=" ">
<subfield code="c">2018</subfield>
</datafield>
<datafield tag="520" ind1=" " ind2=" ">
<subfield code="a">La temperatura del planeta ha ido aumentando a una tasa sin precedentes a partir de la segunda mitad del siglo XIX, resultando en la aceleración de los efectos del cambio climático. A día de hoy, existen evidencias irrefutables que demuestran que el ser humano es el principal responsable del atípico aumento de la temperatura del planeta. En efecto, se ha encontrado una clara correlación entre el aumento de la concentración atmosférica de gases de efecto invernadero (GEI), los cuales tienen la capacidad de retener la radiación infrarroja emitida por la Tierra, y el aumento de la temperatura global del planeta. Los GEIs más importantes emitidos por el hombre son el dióxido de carbono (CO2), el metano (CH4), el óxido nitroso (N2O) y los clorofluorocarbonos (CFCs). El N2O representa cerca del 6,2 % del total de GEIs emitidos globalmente (en un horizonte temporal de 100 años), siendo la agricultura, la industria química y las estaciones depuradoras de aguas residuales (EDARs) las principales fuentes de emisiones de N2O. Además, algunos autores han afirmado que el N2O es el más importante destructor de ozono emitido en el presente siglo.</subfield>
</datafield>
<datafield tag="024" ind2=" " ind1="8">
<subfield code="a">http://uvadoc.uva.es/handle/10324/28662</subfield>
</datafield>
<datafield tag="024" ind2=" " ind1="8">
<subfield code="a">b1788524</subfield>
</datafield>
<datafield tag="024" ind2=" " ind1="8">
<subfield code="a">10.35376/10324/28662</subfield>
</datafield>
<datafield ind1=" " ind2=" " tag="653">
<subfield code="a">Medio ambiente, Ingeniería del</subfield>
</datafield>
<datafield ind1=" " ind2=" " tag="653">
<subfield code="a">Aire - Contaminación</subfield>
</datafield>
<datafield ind1=" " ind2=" " tag="653">
<subfield code="a">Biotecnología</subfield>
</datafield>
<datafield tag="245" ind1="0" ind2="0">
<subfield code="a">Novel biotechnologies for nitrous oxide abatement</subfield>
</datafield>
<datafield tag="245" ind1="0" ind2="0">
<subfield code="a">Biotecnologías innovadoras para la eliminación de óxido nitroso</subfield>
</datafield>
</record></metadata></record></GetRecord></OAI-PMH>